000
00323 a2200157 4500
001
183166
020
_a
040
_c
Magnum
100
_a
Almeida, José Américo de
240
1
0
_a
A bagaceira
_l
por
245
1
0
_a
A bagaceira
300
_a
173
440
1
_a
José Olympio
697
_a
LITERATURA GERAL
942
_c
BK
999
_c
183166
_d
183166